Music Quiz

Random Music or Song Quiz

United State of Pop 2010 Quiz Stats

Quiz Updated Aug 11, 2016

Challenge
Share
Tweet
Score 0/50 Timer 15:00
3 Plays Today
Song/Artist Answer % Correct
TitleTik Tok
88.2%
TitleCalifornia Gurls
85.5%
ArtistLady Gaga Featuring Beyoncé
84.9%
ArtistKaty Perry Featuring Snoop Dogg
84.7%
ArtistKaty Perry
84.5%
ArtistLady Gaga
84%
ArtistKe$ha
83.8%
ArtistEminem Featuring Rihanna
83.2%
ArtistRihanna
81%
ArtistUsher Featuring Pitbull
79%
ArtistUsher Featuring will.i.am
78%
TitleDynamite
75.2%
TitleTeenage Dream
75.2%
TitleTelephone
74.5%
ArtistB.O.B. Featuring Bruno Mars
73.7%
TitleBillionaire
72%
ArtistTravie McCoy Featuring Bruno Mars
71.6%
ArtistBruno Mars
69.3%
TitleBad Romance
68.9%
TitleJust the Way You Are
67.9%
TitleRude Boy
67.2%
TitleOMG
67%
ArtistEnrique Iglesias Featuring Pitbull
66.6%
ArtistTaio Cruz Featuring Ludacris
63.7%
ArtistTaio Cruz
63.3%
Song/Artist Answer % Correct
TitleLove the Way You Lie
62.5%
TitleAirplanes
57.8%
TitleHey, Soul Sister
57.8%
TitleI Like It
57.7%
ArtistTrain
57.3%
ArtistB.O.B. Featuring Hayley Williams
55.7%
ArtistThe Black Eyed Peas
54.1%
ArtistEminem
53.6%
TitleNeed You Now
52.7%
ArtistLady Antebellum
51.6%
TitleDJ Got Us Fallin' In Love
47%
ArtistJay-Z + Alicia Keys
46.7%
TitleReplay
45.7%
TitleEmpire State of Mind
44.7%
TitleNothin' On You
39.8%
TitleBedrock
38.8%
ArtistIyaz
35.9%
TitleNot Afraid
35.2%
TitleBreak Your Heart
34.5%
TitleCooler Than Me
34.1%
ArtistMike Posner
32%
ArtistJason Derulo
27%
TitleIn My Head
26.5%
ArtistYoung Money Featuring Lloyd
24.6%
TitleImma Be
22.8%

You're not logged in!

Compare scores with friends on all Sporcle quizzes.
Sign Up with Email
OR
Log In

You Might Also Like...

Show Comments

Extras

Top Quizzes Today


Score Distribution

Your Account Isn't Verified!

In order to create a playlist on Sporcle, you need to verify the email address you used during registration. Go to your Sporcle Settings to finish the process.